000 01020nam a2200253 a 4500
003 DO-SdBNP
005 20240318114956.0
007 ta
008 220506e2019 dr ao||er|||| 00| 0 spa d
040 _aDO-SdBNP
_bspa
_cBNPHU
082 4 _222
_bM395v
245 0 0 _aMasculinidades y violencia de género en zonas rurales y urbano-marginales de cuatro provincias del país:
_bresumen ejecutivo. /
_cCompilado Thaira Vargas García ; editor Carolina Acuña ; presentación Magaly Caram
260 _aSanto Domingo :
_bProfamilia,
_c2019.
300 _a15 p. :
_bil., fotograf. ;
_c28 cm.
590 _aInventariado, 2022 / MF
650 4 _920543
_aViolencia
_xInvestigaciones
650 4 _978883
_aViolencia de género
_zRepública Dominicana
700 1 _aVargas García, Thaira,
_ecomp.
_981560
700 1 _971144
_aAcuña, Carolina,
_ded.
700 2 _937187
_aCaram, Magaly,
_epresent.
710 2 _aInstituto de Estudios de Población y Desarrollo (República Dominicana)
_970393
910 _aMFeliz
942 _2ddc
_cLF2
999 _c51651
_d51651